Resident Evil Biohazard: General Knowledge - Statistics

General Stats
  • This quiz has been taken 125 times
  • The average score is 11 of 16
Answer Stats
Hint Answer % Correct
The protagonist/Main character Ethan Winters
100%
The above's wife Mia Winters
98%
The father of said family Jack
95%
The name of the family controlled by the mold The Baker Family
95%
The BSAA soldier that helps the protagonist at the end of the game Chris Redfield
87%
The daughter that tries to help the protagonist Zoe
87%
The little girl (E-001) Eveline
73%
The grandmother in the wheelchair Eveline
73%
The son of said family Lucas
73%
The above's brother Joe
64%
The mother of said family Marguerite
59%
The name of the Baker estate's location Dulvey Parish, Louisiana
53%
The basic/average enemy type in the game The Molded
49%
The three items needed to escape the Main house Three dog heads
44%
The item needed to start the Mother's first bossfight Crow key
23%
The scientific name of SAMPLED mold taken from its original source Mutamycete
9%
No matching quizzes found
Score Distribution
Percent of People with Each Score
Percentile by Number Answered
Your Score History
You have not taken this quiz